banner koha

Adubacao de Eucalyptus saligna SM. em solos dos cerrados de Minas Gerais [NPK; Boro; Zinco; Brazil] (Registro n. 302845)

MARC details
000 -LÍDER
campo de controle de tamanho fixo 01347naa a22003977a 4500
001 - NÚMERO DE CONTROLE
campo de controle BR6009763
003 - IDENTIFICADOR DO NÚMERO DE CONTROLE
campo de controle BR-BrBNA
005 - DATA E HORÁRIO DA ÚLTIMA TRANSAÇÃO
campo de controle 20240918173108.0
007 - CAMPO FIXO DE DESCRIÇÃO FÍSICA--INFORMAÇÃO GERAL
campo de controle de tamanho fixo ta
008 - CAMPO DE DADOS FIXOS--INFORMAÇÃO GERAL
campo de controle de tamanho fixo 230509b bl.||||| |||| 00| 0 por d
040 ## - FONTE DA CATALOGAÇÃO
Instituição da catalogação original BR-BrBNA
Idioma da catalogação por
Instituição que transcreveu o registro Biblioteca Nacional de Agricultura
041 ## - CÓDIGO DE IDIOMA
Código do idioma do texto/trilha sonora ou título diferente (Pt)
072 ## - CÓDIGO DE CATEGORIA DE ASSUNTO
Código de Categoria de Assunto F25
Código do objeto 3240
-- 3820
-- 3830
-- 3810
-- 3840
-- GZ74
-- G514
090 ## - NÚMERO DE CHAMADA LOCAL
Número de chamada F25 BR6009763
100 1# - ENTRADA PRINCIPAL--NOME PESSOAL
Nome pessoal Knudson, D.
100 1# - ENTRADA PRINCIPAL--NOME PESSOAL
Nome pessoal Correa, H.
100 1# - ENTRADA PRINCIPAL--NOME PESSOAL
Nome pessoal Yahner, J.E.
111 1# - ENTRADA PRINCIPAL--NOME DO EVENTO
Nome do evento ou lugar 2. Reuniao Brasileira de Cerrados
Local do evento Sete Lagoas, MG (Brazil)
Data do evento ou assinatura do tratado 1 Jun 1967
245 1# - TÍTULO
Título Adubacao de Eucalyptus saligna SM. em solos dos cerrados de Minas Gerais [NPK; Boro; Zinco; Brazil]
260 3# - PUBLICAÇÃO, DISTRIBUIÇÃO, ETC.
Local de publicação, distribuição, etc. Sete Lagoas, MG (Brasil):
Data da publicação, distribuição, etc. 1972.
500 ## - NOTA GERAL
Nota geral Anais da 2. Reuniao Brasileira de Cerrados<br/>Sete Lagoas, MG (Brasil): 1972. p. 101-125<br/>(BR6009763-AM)F25<br/>
650 ## - ASSUNTO--TERMO TÓPICO
Cabeçalho tópico ou nome geográfico Fertilizante
650 ## - ASSUNTO--TERMO TÓPICO
Cabeçalho tópico ou nome geográfico Eucalipto
650 ## - ASSUNTO--TERMO TÓPICO
Cabeçalho tópico ou nome geográfico Fertilizante nitrogenado
650 ## - ASSUNTO--TERMO TÓPICO
Cabeçalho tópico ou nome geográfico Fertilizante potassico
650 ## - ASSUNTO--TERMO TÓPICO
Cabeçalho tópico ou nome geográfico Fertilizante fosfatado
650 ## - ASSUNTO--TERMO TÓPICO
Cabeçalho tópico ou nome geográfico Boro
650 ## - ASSUNTO--TERMO TÓPICO
Cabeçalho tópico ou nome geográfico Zinco
650 ## - ASSUNTO--TERMO TÓPICO
Cabeçalho tópico ou nome geográfico Calagem
650 ## - ASSUNTO--TERMO TÓPICO
Cabeçalho tópico ou nome geográfico Analise do solo
650 ## - ASSUNTO--TERMO TÓPICO
Cabeçalho tópico ou nome geográfico Cerrado
650 ## - ASSUNTO--TERMO TÓPICO
Cabeçalho tópico ou nome geográfico Minas Gerais
773 0# - ENTRADA ANALÍTICA
Título Anais da 2. Reuniao Brasileira de Cerrados
Número de controle do registro F25 BR6009763
Partes relacionadas Sete Lagoas, MG (Brasil), 1972. p. 101-125
909 ## -
-- 202404
-- Lucia
-- 55
-- Lucia Elande
942 ## - ELEMENTOS DE ENTRADA ADICIONADOS (KOHA)
Tipo de material Koha Capítulo-Livro
Fonte da classificação ou esquema de arquivamento na estante Classificação AGRIS
Exemplares
Situação do descarte Fonte da classificação ou esquema de arquivamento na estante Situação física Não pode ser emprestado Coleção Biblioteca de origem Biblioteca atual Localização na estante Total de empréstimos Número de telefone completo Data de último acesso Número do exemplar Tipo de material Koha Situação das perdas Data de aquisição Fonte de aquisição
  Classificação AGRIS       Biblioteca Nacional de Agricultura - Binagri Biblioteca Nacional de Agricultura - Binagri Agrobase - Acervo Geral   F60 BR0500049 20/05/2024 01 Capítulo-Livro   2024-04-11 Portaria Interministerial nº 164/94

BINAGRI

Telefone: (61)3218-2567/2388/3357/2097 - binagri@agro.gov.br

Ministério da Agricultura e Pecuária , Esplanada dos Ministérios, Bloco D, Anexo B, Brasília/DF, CEP: 70.043-900